Questions sur les dieux de la mort dans la fiction - Statistiques

Statistiques générales
  • Ce quiz a été pris 20 fois
  • Le résultat moyen est 5 sur 15
Statistiques - réponses
Question Réponse % Correct
Qui est le vrai Dieu de la Mort dansla mythologie grecque? Thanatos
83%
Qu'aime particulièrement manger Ryuk,le Shinigami de Death Note? Des pommes
67%
Qui Hel, la Déesse des Morts dans la mythologie nordique, a-t-elle pour père? Loki
67%
De quelle couleur sont les cheveux deGrell, le plus connu des Shinigamis apparaissant dans Black Butler? Rouge
67%
Qui est l'assistant d'Osiris dans la mythologie égyptienne? Anubis
61%
Dans quelle histoire célèbre dans le monde des sorciers la Mort apparaît-telle, dans Harry Potter? Le Conte des Trois Frères
50%
En quel animal s'incarne la Mort dans Le Chat Potté 2? Un loup
50%
Des 3 esprits dans Un Chant de Noel deDickens, lequel ressemble à la faucheuse? Esprit du futur
17%
Sur quelle île Zoro voit-il la faucheuse après un combat particulièrement éprouvant et difficile, dans One Piece? Onigashima
17%
Qui juge les morts dans le monde de Dragon Ball ? Enma
11%
Quels anges servent la Mort dans l'univers de Supernatural? Les Faucheuses
11%
Complète cette phrase se rapportant à la Mort dans Le Disque-Monde: "La Mort est un mâle,..." "...un mal nécessaire"
11%
Comment s'appelle l'être chargé d'emporter les morts dans Charmed Ange de la Mort
6%
Qui dirige l'école dans laquelle étudientles personnages principaux de Soul Eater? Maître Shinigami
6%
Quel jutsu permet d'invoquer un Dieude la Mort dans Naruto? Emprisonnement des Morts
0%
Aucun quiz correspondant
Distribution des résultats
% des personnes avec chaque résultat
Percentile par nombre de réponses
Votre historique - résultats
Vous n’avez pas pris ce quiz